|
|
|
|
| LEADER |
00000cam a2200000 a 4500 |
| 001 |
vtls010266522 |
| 003 |
SK-MaSNL |
| 005 |
20260301084347.0 |
| 008 |
240314s2011 xo l d p 000 0 eng |
| 015 |
|
|
|a SNBA2011/05-02598
|
| 020 |
|
|
|a 9788089284764
|q (brož.)
|
| 035 |
|
|
|a C9DFFD1E-AEFF-4CF6-93CC-A6E83D26E918
|
| 035 |
|
|
|a urn:nbn:sk:snk-amjhd8
|
| 035 |
|
|
|a urn:nbn:sk:snk-am001sm0
|
| 040 |
|
|
|a SNK
|b slo
|c SNK
|e AACR2
|
| 041 |
0 |
|
|a eng
|
| 044 |
|
|
|a xo
|c SK
|
| 072 |
|
7 |
|a 621.3
|x Elektrotechnika
|2 konspekt
|
| 072 |
|
7 |
|a 621.38
|x Elektronika
|2 konspekt
|
| 080 |
|
|
|a 621.38
|2 2001
|
| 080 |
|
|
|a 621.3
|2 2001
|
| 080 |
|
|
|a 621.38.011.7
|2 2001
|
| 080 |
|
|
|a (075.8)
|2 2001
|
| 100 |
1 |
|
|a Dudáš, Ján,
|d 1946-
|4 aut
|9 119722
|
| 245 |
1 |
0 |
|a Electrotechnics - basic circuit analysis
|c Ján Dudáš, Ján Molnár
|
| 250 |
|
|
|a 1st ed.
|
| 260 |
|
|
|a Košice
|b [Equilibria]
|c 2011
|
| 300 |
|
|
|a 110 s.
|b sch.
|c 24 cm
|
| 366 |
|
|
|e 100 výt.
|
| 504 |
|
|
|a Bibliogr. s. 110
|
| 650 |
0 |
7 |
|a elektronika
|2 SNKPH
|9 3618
|
| 650 |
0 |
7 |
|a elektrotechnika
|2 SNKPH
|9 3619
|
| 650 |
0 |
7 |
|a elektronické obvody
|2 SNKPH
|9 67741
|
| 650 |
0 |
7 |
|a Electronics
|2 SNKPHeng
|9 266213
|
| 650 |
0 |
7 |
|a Electronic engineering
|2 SNKPHeng
|9 412637
|
| 650 |
0 |
7 |
|a Electronic circuits
|2 SNKPHeng
|9 314824
|
| 655 |
|
7 |
|a učebnice vysokých škôl
|2 SNKPH
|9 70191
|
| 655 |
|
7 |
|a Textbooks (higher)
|2 SNKPHeng
|9 276436
|
| 700 |
1 |
|
|a Molnár, Ján,
|d 1979-
|4 aut
|9 215056
|
| 852 |
|
|
|a Štátna vedecká knižnica v Banskej Bystrici
|
| 919 |
|
|
|a 978-80-89284-76-4
|
| 958 |
|
|
|a OND
|
| 958 |
|
|
|a NB
|
| 968 |
|
|
|d 62
|
| 999 |
|
|
|c 663213
|d 665143
|
| 952 |
|
|
|a SNK
|b SNK
|y VYP
|7 0
|p 17A0691945
|o snkSC 144683 D1
|i snk2011/6961
|8 0
|0 0
|1 0
|4 0
|d 2011-03-25
|f 1
|l 0
|r 2026-02-23 19:00:04
|w 2026-02-23
|
| 952 |
|
|
|a SNK
|b SNK
|y PREZ
|7 0
|p 17A0691946
|o snkSC 144683
|i snk2011/6960
|8 0
|0 0
|1 0
|4 0
|d 2011-03-25
|l 0
|r 2025-07-14 00:00:00
|w 2026-02-23
|